|
|
|
|
| LEADER |
01930nam a22003257i 4500 |
| 005 |
20210117210241.0 |
| 008 |
161123r20162015gr ||||f |||| 001 0 gre d |
| 020 |
|
|
|a 9789605243470
|
| 040 |
|
|
|a GR-PaULI
|b gre
|c GR-PaULI
|e AACR2
|
| 041 |
1 |
|
|a gre
|h eng
|
| 082 |
0 |
4 |
|a 889.09
|2 23
|
| 082 |
0 |
4 |
|a 880.900 2
|
| 100 |
1 |
|
|a Beaton, Roderick,
|d 1951-
|e συγγραφέας
|9 132573
|
| 245 |
1 |
2 |
|a Η ιδέα του έθνους στην ελληνική λογοτεχνία :
|b από το Βυζάντιο στη σύγχρονη Ελλάδα /
|c Roderick Beaton.
|
| 260 |
|
|
|a Ηράκλειο :
|b Πανεπιστημιακές Εκδόσεις Κρήτης,
|c 2015 [ανατύπωση 2016]
|
| 300 |
|
|
|a 523 σ. ;
|c 21 εκ.
|
| 490 |
1 |
|
|a Θεωρία και κριτική της λογοτεχνίας / ΠΕΚ
|
| 650 |
|
4 |
|9 3155
|a Νεοελληνική λογοτεχνία
|x Ιστορία και κριτική
|
| 650 |
|
4 |
|9 60176
|a Εθνικισμός στη λογοτεχνία
|
| 650 |
|
0 |
|9 58690
|a Βυζαντινή λογοτεχνία
|x Ιστορία και κριτική
|
| 700 |
1 |
4 |
|9 158355
|a Τσάμου, Στέλλα
|e επιμελήτρια
|
| 700 |
1 |
4 |
|9 138190
|a Λυδάκη, Ειρήνη
|e επιμελητρια
|
| 700 |
|
|
|9 158358
|a Νοτιά, Πόπη
|e μεταφράστρια
|
| 700 |
|
|
|9 111338
|a Πιπίνη, Ελένη
|e μεταφράστρια
|
| 830 |
|
0 |
|9 158356
|a Θεωρία και κριτική στη λογοτεχνία (ΠΕΚ)
|
| 942 |
|
|
|2 ddc
|c BK15
|
| 952 |
|
|
|0 0
|1 0
|2 ddc
|4 0
|6 889_090000000000000_BEA
|7 0
|9 207623
|a THST
|b THST
|d 2016-11-23
|i 014330
|l 2
|m 1
|o 889.09 BEA
|p 025000138504
|r 2020-09-16 00:00:00
|s 2020-07-01
|t 1
|v 2016.00
|w 2016-11-23
|y BK15
|
| 952 |
|
|
|0 0
|1 0
|2 ddc
|4 0
|6 880_900000000000000_2_BEA
|7 0
|9 207624
|a LISP
|b LISP
|c BSC
|d 2016-11-23
|i 103506
|l 3
|m 1
|o 880.900 2 BEA
|p 025000200189
|r 2019-11-25 00:00:00
|s 2019-11-01
|t 2
|v 2016.00
|w 2016-11-23
|y BK15
|
| 998 |
|
|
|c ΜΑΝΙΑ
|d 2016-11
|
| 999 |
|
|
|c 126257
|d 126257
|